El primer traductor español del falso Ossian y los vallisoletanos del siglo XVIII (Record no. 22364)

MARC details
000 -LEADER
campo de control de longitud fija 00627nam a2200169 i 4500
001 - NÚMERO DE CONTROL
campo de control 22364
003 - IDENTIFICADOR DE NÚMERO DE CONTROL
campo de control ES-MaACL
005 - FECHA Y HORA DE LA ÚLTIMA TRANSACCIÓN
campo de control 20250930063037.0
007 - CAMPO FIJO DE DESCRIPCIÓN FÍSICA--INFORMACIÓN GENERAL
campo de control de longitud fija t|
008 - DATOS DE LONGITUD FIJA--INFORMACIÓN GENERAL
campo de control de longitud fija 021202s1920 sp ||||1| spa d
100 1# - ENTRADA PRINCIPAL--NOMBRE DE PERSONA
Nombre de persona Alonso Cortés, Narciso,
Fechas asociadas al nombre 1875-1972
9 (RLIN) 20277
245 13 - MENCIÓN DEL TÍTULO
Título El primer traductor español del falso Ossian y los vallisoletanos del siglo XVIII
Resto del título : discurso leído en el Ateneo de Valladolid en la apertura del curso de 1919-1920 /
Mención de responsabilidad, etc. Narciso Alonso Cortés.
260 ## - PUBLICACIÓN, DISTRIBUCIÓN, ETC.
Lugar de publicación, distribución, etc. Valladolid :
Nombre del editor, distribuidor, etc. [s.n.,
Fecha de publicación, distribución, etc. 1920]
710 2# - ENTRADA AGREGADA--NOMBRE DE ENTIDAD CORPORATIVA
Nombre de entidad corporativa o nombre de jurisdicción como elemento de entrada Ateneo de Valladolid.
9 (RLIN) 2031
852 ## - LOCALIZACIÓN
Ubicación ES-MaACL
Número de control de estantería 1584-F-1
Holdings
Estatus retirado Estado de pérdida Estado de daño No para préstamo Colección Biblioteca de origen Biblioteca actual Ubicación en estantería Fecha de adquisición Fuente de adquisición Total de préstamos Signatura topográfica completa Código de barras Visto por última vez Precio de reemplazo Tipo de ítem Koha
        Colección de folletos Biblioteca del Ateneo de Madrid Biblioteca del Ateneo de Madrid Depósito folletos 17/01/2008     1584-F-1 1023021 23/02/2023 23/02/2023 Folleto